Statistics for Official French Speaking Countries

Click here to take the quiz!

General Stats

  • This quiz has been taken 771 times
    (732 since last reset)
  • The average score is 21 of 29

Answer Stats

HintAnswer% Correct
EuropeFrance
96%
North AmericaCanada
91%
EuropeBelgium
89%
EruopeSwitzerland
88%
EuropeMonaco
85%
EuropeLuxembourg
83%
AfricaSenegal
79%
AfricaCote d'Ivoire
79%
AfricaNiger
78%
AfricaChad
78%
AfricaCongo
77%
AfricaMali
76%
AfricaBenin
74%
AfricaGabon
74%
AfricaCameroon
73%
AfricaBurkina Faso
73%
AfricaCentral African Republic
72%
AfricaGuinea
72%
AfricaTogo
72%
North AmericaHaiti
71%
AfricaComoros
71%
AfricaRwanda
69%
AfricaMadagascar
66%
AfricaBurundi
65%
OceaniaVanuatu
64%
AfricaSeychelles
61%
AsiaVietnam
61%
AfricaDjibouti
59%
AfricaDemocratic Republic of Congo
45%

Score Distribution

Percentile by Number Answered

Percent of People with Each Score

Your Score History

You have not taken this quiz since the last reset